000 00781nam a22002777a 4500
001 BR9300028
003 BR-BrBNA
005 20230928093754.0
007 ta
008 230509b bl.||||| |||| 00| 0 por d
040 _aBR-BrBNA
_bpor
_cBiblioteca Nacional de Agricultura
041 _a(Por)
072 _aE21
_b0336
090 _ 0336 BR9300028
110 1 _aPlano Diretor para o Desenvolvimento do Vale do Sao Francisco, Brasilia, DF (Brasil)
_97819
245 1 _aA industrializacao da soja na regiao do Vale do Sao Francisco
260 3 _aBrasilia, DF (Brasil):
_c1989.
300 _a100 p.
500 _a34 tables
650 _aSoja
650 _aGrao
650 _aIndustrializacao
650 _aDemanda
909 _a202309
_bLucia
_c55
_dLucia Elande
942 _cBK
999 _c47021
_d47021